000 00656nam a22001937a 4500
999 _c175705
_d175705
005 20200921125714.0
010 _aENG-128442
020 _c1195.00
_a9780199468119
035 _aEN-111974
037 _bDBAD/PUB
082 _a954.51
100 _aSaikia, Arupjyoti
245 _aThe Unquiet River:
_bA Biography of the Brahmaputra/
_cby Arupjyoti Saikia
260 _aNew Delhi
_bOxford University Press
_c2019
270 _a22 Workspace, 2nd Floor, I/22 Asaf Ali Road,
_bNew Delhi
_e110002
300 _axxi;583p.
_c23cm(pbk)
_bPictures, Maps
500 _aContains Bibliography, Afterword and Index
942 _2ddc
_cEN
_h954.51
_mSAI